Central Library OPAC University of Rajshahi

Assessing participatory development : (Record no. 59780)

MARC details
000 -LEADER
fixed length control field 00938nam a2200253 a 4500
001 - CONTROL NUMBER
control field 59780
003 - CONTROL NUMBER IDENTIFIER
rucl marc code BD-RjUL
005 - DATE AND TIME OF LATEST TRANSACTION
control field 20211209080753.0
008 - FIXED-LENGTH DATA ELEMENTS--GENERAL INFORMATION
fixed length control field 161227s1989 cou b 000 0 eng
020 ## - INTERNATIONAL STANDARD BOOK NUMBER
International Standard Book Number 0813377684 (alk. paper)
035 ## - SYSTEM CONTROL NUMBER
System control number (BD-RjUL) 59904
040 ## - CATALOGING SOURCE
Original cataloging agency DLC
Transcribing agency DLC
Modifying agency DLC
-- BD-RjUL
Language of cataloging eng
041 ## - LANGUAGE CODE
Language code of text/sound track or separate title eng
082 00 - DEWEY DECIMAL CLASSIFICATION NUMBER
Classification number 307.14091724
Edition number 23
Author mark and year ASS 1989
245 00 - TITLE STATEMENT
Title Assessing participatory development :
Remainder of title rhetoric versus reality /
Statement of responsibility, etc. edited by William P. Lineberry ; with a foreword by Idriss Jazairy.
260 ## - PUBLICATION, DISTRIBUTION, ETC. (IMPRINT)
Place of publication, distribution, etc. Boulder, Colo. :
Name of publisher, distributor, etc. Westview Press,
Date of publication, distribution, etc. c1989.
300 ## - PHYSICAL DESCRIPTION
Pagination 139 p. ;
Size 23 cm.
504 ## - BIBLIOGRAPHY, ETC. NOTE
Bibliography, etc Includes bibliographical references.
650 #0 - SUBJECT ADDED ENTRY--TOPICAL TERM
Topical term or geographic name as entry element Rural development
Geographic subdivision Developing countries.
9 (RLIN) 177875
Topical term or geographic name as entry element Agricultural development projects
Geographic subdivision Developing countries.
9 (RLIN) 177876
Topical term or geographic name as entry element Women in rural development
Geographic subdivision Developing countries.
9 (RLIN) 177877
700 1# - ADDED ENTRY--PERSONAL NAME
Personal name Lineberry, William P.
942 ## - ADDED ENTRY ELEMENTS (KOHA)
Source of classification or shelving scheme Dewey Decimal Classification
Koha item type Books
Holdings
Lost status Source of classification or shelving scheme Damaged status Not for loan Collection code Permanent Location Current Location Shelving location Date acquired Total Checkouts Full call number Date last seen Copy number Koha item type
  Dewey Decimal Classification   Not For Loan Non-fiction Central Library, University of Rajshahi Central Library, University of Rajshahi Reading Room 03/02/1993   307.14091724 ASS 1989 27/12/2016 C-1 Books